Tarık Zafer Tunaya anısına (Record no. 10137)

MARC details
000 -BAŞLIK
Sabit Uzunlukta Kontrol Alanı 00915na a2200289 4500
001 - KONTROL NUMARASI
Denetim Alanı 15188
003 - KONTROL NUMARASI IDENTIFIER
Denetim Alanı MIRAKIL
005 - SON İŞLEM TARİHİ VE ZAMANI
Denetim Alanı 20181213155308.0
008 - SABİT-BOY VERİ ELEMANLARI - GENEL BİLGİLER
Sabit Uzunlukta Kontrol Alanı 160905b tu 000 0
020 ## - ULUSLARARASI STANDART KİTAP NUMARASI
Uluslararası Standart Kitap Numarası 9786053991342
035 ## - SİSTEM KONTROL NUMARASI
Sistem Kontrol Numarası 15188
040 ## - KATALOGLAMA KAYNAK
Orijinal Kataloglama Ajansı Milas
Kataloglama Dili tur
Metne Dönüştürmek Ajansı TR-AnCHP
082 ## - DEWEY ONLU SINIFLANDIRMA NUMARASI
Sınıflandırma Numarası 320.9561
Ürün Numarası A44t 2010
090 ## - SINIFLAMA NUMARASI
Sınıflama Numarası 320.9561 A44t 2010
245 ## - BAŞLIK TABLOSU
Başlık Tarık Zafer Tunaya anısına
Başlığın Kalan Yadigar-ı meşrutiyet
Sorumluluk Tablosu, Vb Hazırlayan Mehmet Ö. Alkan
246 ## - UNVAN FORM VARYING
Başlık Doğru / Kısa Başlığı Yadigar-ı meşrutiyet
260 ## - YAYIN, DAĞITIM, VB
Yayın, Dağıtım, Vb Yeri İstanbul
Yayıncı, Dağıtıcı, Vs Adı İstanbul Bilgi Üniversitesi Yayınları
Yayın, Dağıtım, Vb Tarihi 2010
300 ## - FİZİKSEL TANIM
Kapsam xii, 283 s.
Diğer Fiziksel Ayrıntıları res.
Boyutlar 23 sm.
490 ## - SERİSİ TABLOSU
Seri Beyanı İstanbul Bilgi Üniversitesi yayınları
Hacim / Ardışık Tanımı 286
490 ## - SERİSİ TABLOSU
Seri Beyanı Siyaset bilimi
Hacim / Ardışık Tanımı 29
504 ## - KAYNAKÇA VB NOT
Kaynakça Vb Notu Dizin var.
650 ## - KONU KATMA GİRİŞ - TOPİKAL DÖNEM
Topikal Süreli Veya Coğrafi Ad Giriş Elemanı Siyasal bilimler
Coğrafi Alt Bölümü Türkiye
650 ## - KONU KATMA GİRİŞ - TOPİKAL DÖNEM
Topikal Süreli Veya Coğrafi Ad Giriş Elemanı Siyasal tarih
Coğrafi Alt Bölümü Türkiye
651 ## - KONU KATMA GİRİŞ - COĞRAFİ ADI
Coğrafi İsim Türkiye
Genel Alt Bölümü Siyaset ve yönetim
Kronolojik Alt Bölümü 1978-1980
700 ## - KATMA GİRİŞ - KİŞİSEL İSİM
Kişisel Ad Alkan,Mehmet Ö.
942 ## - EKLENDİ GİRİŞ ELEMANLARI (KOHA)
Sınıflandırma Veya Raf Düzeni Kaynak Dewey Decimal Classification
Koha Öğesi Türü Books
999 ## - SİSTEM KONTROL NUMARALARI (KOHA)
Koha Biblionumber 10137
Koha Biblioitemnumber 10137
Holdings
Kalıcı Konum Mevcut Konum Edinme Tarihi Edinim Kaynak Toplam Check-Out'Lar Tam Çağrı Numarası Barkod Tarih Son Görülme İtibaren Geçerli Fiyatlar Koha Öğesi Türü
CHP Kütüphanesi CHP Kütüphanesi 09/05/2016 Bağış   320.9561 A44t 2010 003285 09/05/2016 09/05/2016 Books